000 00691nam a2200217Ii 4500
003 JO-AjNU
008 230605s9999||||xx |||||||||||||| ||und||
017 _a31808
040 _aJO-AjNU
_bara
_erda
_cJO-AjNU
041 _aara
050 1 4 _aDS125.D92..D9288 1987
100 3 _aتاليف ديان، موشيه؛ ترجمة السعدي، غازي,
_eauthor
_96977
245 0 0 _a أنا وكامب ديفيد
250 _aط1
264 3 1 _aعمان: دار الجليل للنشر،1987
300 _a265ص
336 _atext
_btxt
_2rdacontent
337 _aunmediated
_bn
_2rdamedia
338 _avolume
_bnc
_2rdacarrier
650 4 _aموشيه ديان - تراجم- تاريخ
_96978
999 _aA46
_c3614
_d3614